000 00795nam a22002537a 4500
005 20140310183639.0
008 131214b xxu||||| |||| 00| 0 eng d
020 _a9780071742382
050 _aQA 76.9.A93
_b.D261 2011
100 _aDavis, Chris.
245 _aIT auditing :
_busing controls to protect information assets /
_cChris Davis, Mike Schiller, Kevin Wheeler.
250 _a2nd ed.
260 _aNew York :
_bMcGraw-Hill,
_c2011.
300 _axxix, 480 p. :
_bill. ;
_c24 cm.
504 _aIncludes Index.
521 _aIT
650 _aElectronic data processing
_xAuditing.
650 _aInformation audits.
650 _aComputer security.
700 _aSchiller, Mike.
_eauthor
700 _aWheeler, Kevin.
_eauthor.
942 _2lcc
_cBK
_kFOR
999 _c25781
_d25781